000 00535nam a22002171a 4500
001 3422
003 OSt
005 20260204211850.0
008 040906s1986||||sp ||||||b||||||||||spa||
050 _a519 C473v
082 _a519 C473v
100 _aChurchill, Ruel V.
245 _aVariables complejas y aplicaciones / Ruel V. Churchill
250 _a4
264 _aEspaña : McGraw-Hill
300 _a404 p
500 _aIncluye indice.
650 _a1.Matemática Aplicada
700 _aWord Brown, JamesÌ
942 _2ddc
_cBK
999 _c3422
_d3422